TAROM Airlines all destinations 2025 - Statistics

General Stats
  • This quiz has been taken 33 times
  • The average score is 23 of 27
Answer Stats
Country Answer % Correct
Greece Athens
100%
Belgium Brussels
100%
Hungary Budapest
100%
Egypt Cairo
100%
Germany Frankfurt
100%
Turkey Istanbul
100%
Spain Madrid
100%
Paris
100%
Czechia Prague
100%
Italy Rome Fiumicino
100%
Bulgaria Sofia
100%
Israel Tel Aviv
100%
Lebanon Beirut
97%
Serbia Belgrade
97%
Bucharest
97%
Moldova Chisinau
97%
France Nice
97%
Jordan Amman
93%
Thessaloniki
90%
Iasi
77%
Timisoara
77%
Cluj-Napoca
73%
Strasbourg
63%
Romania Baia Mare
47%
Oradea
43%
Satu Mare
43%
Suceava
43%
No matching quizzes found
Score Distribution
Percent of People with Each Score
Percentile by Number Answered
Your Score History
You have not taken this quiz